M: Management

Salvato in:
Dettagli Bibliografici
Autore principale: Bateman, Thomas
Altri autori: Konopaske, Robert
Natura: Libro
Lingua:inglese
Pubblicazione: New York McGraw Hill 2022
Edizione:7th Edition, International Student Edition
Soggetti:
Tags: Aggiungi Tag
Nessun Tag, puoi essere il primo ad aggiungerne!!

MARC

LEADER 00000nam a2200000 4500
001 0297170
005 20250626101843.3
020 |a 978-1-265-04248-6 
041 0 |a eng 
044 |a US 
245 1 0 |a M: Management  |c Thomas S. Bateman, Robert Konopaske 
250 |a 7th Edition, International Student Edition 
264 1 |a New York  |b McGraw Hill  |c 2022 
300 |a 394 s. 
610 2 0 |a manažment 
610 2 0 |a riadenie 
610 2 0 |a prostredie podnikové 
610 2 0 |a zodpovednosť podniku spoločenská 
610 2 0 |a plánovanie podnikové 
610 2 0 |a rozhodovanie 
610 2 0 |a riadenie ľudských zdrojov 
610 2 0 |a vodcovstvo 
610 2 0 |a kontroling 
100 1 |a Bateman, Thomas 
700 1 |a Konopaske, Robert